| 000 | 00859nam a22001697a 4500 | ||
|---|---|---|---|
| 008 | 110223t xxu||||| |||| 00| 0 eng d | ||
| 082 |
_a301.62 _bس ل ي |
||
| 100 |
_913489 _aالسيد، السيد عبد الحميد سليمان |
||
| 245 |
_aالدليل التشخيصي للتوحديين (العيادي) / _cتأليف السيد عبد الحميد سليمانا لسيد ، محمد قاسم عبد الله |
||
| 260 |
_aالقاهرة : _bدار الفكر العربي ،2003 _c2003 |
||
| 300 |
_a60 ص ؛ _c24 سم |
||
| 650 |
_922269 _aالسلوك ، انحراف |
||
| 650 |
_914985 _aالأطفال، علم النفس |
||
| 700 |
_922268 _aعبد الله ، محمد قاسم |
||
| 942 |
_2ddc _cBB |
||
| 999 |
_c14957 _d14957 |
||